000
00275nam a2200109Ia 4500
008
220204s9999 xx 000 0 und d
082
_a
598.2(038)
_b
CAM
100
_a
Campbell, Bruce
245
0
_a
Dictionary of birds in colour
260
_a
London
_b
Peerage
_c
1974
942
_c
BK
999
_c
38207
_d
38207